| 000 | 01437nam a2200445 i 4500 | ||
|---|---|---|---|
| 001 | 22677 | ||
| 003 | KOSZ 005 | ||
| 005 | 20210601094551.0 | ||
| 008 | 990506s1984 pl f |100 0 pol | ||
| 015 | _aUWD 1984/9384 | ||
| 035 | _a991009582789705066 | ||
| 035 | _a(PL-WaBN)b12592043-48omnis_nlop | ||
| 035 | _ab12592043 | ||
| 035 | _a(OCoLC)830235428 | ||
| 035 | _a(PL)b0000001259204 | ||
| 035 | _a(EXLNZ-48OMNIS_NETWORK)9910480202105606 | ||
| 040 |
_aWA N _cWA N _dKOSZ 005/HR |
||
| 041 | 0 | _apol | |
| 046 | _k1984 | ||
| 080 | _a330.341.1 | ||
| 080 | _a()6) | ||
| 245 | 0 | 0 |
_aInnowacje w gospodarce : _b[konferencja], Białystok-Białowieża, listopad 1984 r. |
| 260 |
_aBiałystok : _bPolskie Towarzystwo Ekonomiczne, _c1984. |
||
| 300 |
_a404 s. ; _c21 cm. |
||
| 336 |
_aTekst _btxt _2rdacontent |
||
| 337 |
_aBez urządzenia pośredniczącego _bn _2rdamedia |
||
| 338 |
_aWolumin _bnc _2rdacarrier |
||
| 380 | _aKsiążki | ||
| 380 | _aPublikacje naukowe | ||
| 388 | _a1901-2000 | ||
| 388 | _a1945-1989 | ||
| 650 | 7 |
_aInnowacje _2DBN |
|
| 650 | 7 | _aGospodarka | |
| 655 | 7 | _aMateriały konferencyjne | |
| 658 | _aGospodarka, ekonomia, finanse | ||
| 710 | 2 | _aOddział w Białymstoku (Polskie Towarzystwo Ekonomiczne) | |
| 856 |
_uhttp://koha.tu.koszalin.pl/cgi-bin/koha/opac-detail.pl?biblionumber=22677 _yKatalog online BPK |
||
| 942 |
_2UKD _cKS |
||
| 999 |
_c22677 _d22677 |
||